000 00346cam a2200145ua 4500
041 _aeng
_h
082 _a823.308
_bOLG/PA
100 _aOlga, Fresh .
245 0 0 _aPalace and Prison /
_cOlga, Fresh.
_hTextual Documents
260 _aMosco :
_bForien language ,
_c1962.
300 _a ; .
504 _a
942 _cBK
999 _c11790
_d11790